| Record ID | marc_records_scriblio_net/part02.dat:42553242:632 |
| Source | Scriblio |
| Download Link | /show-records/marc_records_scriblio_net/part02.dat:42553242:632?format=raw |
LEADER: 00632cam 22001931 4500
001 15016619
003 DLC
005 20020325153656.0
008 780106s1914 enk 001 0 eng
010 $a 15016619
035 $a(OCoLC)3536949
040 $aDLC$cMiEM$dOCoLC$dDLC
050 00 $aDA708$b.M6
100 1 $aMorgan, J. Vyrnwy$q(John Vyrnwy),$db. 1860.
245 14 $aThe philosophy of Welsh history,$cby the Rev. J. Vyrnwy Morgan ...
260 $aLondon,$bJohn Lane;$aNew York,$bJohn Lane Company; [etc., etc.]$c1914.
300 $a4 p. l., v-xlii, 313 p.$c23 cm.
651 0 $aWales$xHistory.
651 0 $aWales$xPolitics and government.